000 00684nam a2200217Ia 4500
003 OSt
005 20221006153555.0
006 a|||||r|||| 00| 0
007 ta
008 221006b |||||||| |||| 00| 0 eng d
024 _a32,740
037 _bGift, Korean Embassy
_cVideo
040 _aEASL
_cEASL
_beng
041 _2eng
_aeng
100 _aNational Center for Korean Traditional Performing Arts
_9664468
245 0 _aRoyal court banquet music
_b Music of peace drem of dynasty
260 _aSeoul
_bNCKTPA
_c2002
300 _a DVD
_ccm.
942 _cAUD
_2CC
999 _c1100826
_d1100826